[Event "Int SVK-ch Open 2020"]
[Site "Drienica"]
[Date "2020.08.13"]
[Round "7.9"]
[White "Bakalar, Jan"]
[Black "Sedlak, Mikulas"]
[Result "1-0"]
[WhiteElo "1896"]
[BlackElo "1573"]
[Annotator "NA"]
[PlyCount "49"]
[EventDate "2020.08.07"]
[EventType "swiss"]
[EventCountry "SVK"]
[SourceTitle "playchess.com"]
[Source "ChessBase"]
[SourceQuality "1"]
[TimeControl "40/5400+30:1800+30"]

1. e4 {[%emt 0:00:00]} d5 {[%emt 0:00:00]} 2. exd5 {[%emt 0:00:00]} Nf6 {[%emt 0:00:00]} 3. d4 {[%emt 0:00:11]} Nxd5 {[%emt 0:00:00]} 4. c4 {[%emt 0:00:47]} Nb6 {[%emt 0:00:35]} 5. Nc3 {[%emt 0:00:34]} c6 {[%emt 0:01:23]} 6. Be3 {[%emt 0:01:00] B01: Scandinavian Defence.} e6 {[%emt 0:01:20]} 7. Nf3 {[%emt 0:00:56] [#]} Be7 $146 {[%emt 0:00:48]} ({Predecessor:} 7... Bb4 8. Rc1 O-O 9. Bd3 f5 10. Qd2 Be7 11. Ne5 N6d7 12. f4 c5 13. d5 Nf6 {½-½ (49) Yang,K-Morris,B San Diego 2014}) 8. Qc2 {[%emt 0:00:57]} N8d7 {[%emt 0:01:14]} 9. O-O-O {[%emt 0:01:04]} Nf6 {[%emt 0:01:12]} 10. h3 {[%emt 0:00:55]} a5 {[%emt 0:02:25]} 11. g4 {[%emt 0:00:55]} Qc7 {[%emt 0:03:07]} 12. Bd3 {[%emt 0:03:30]} g6 {[%emt 0:02:31]} 13. Rhg1 {[%emt 0:02:54]} Bd7 {[%emt 0:00:32]} 14. Ne5 {[%emt 0:02:14]} Rg8 {[%emt 0:04:32]} 15. Bf4 {[%emt 0:04:07]} Qd8 {[%emt 0:02:15]} 16. Be3 {[%emt 0:06:07]} Bc8 {[%emt 0:02:03]} 17. Qe2 {[%emt 0:01:06]} Nfd7 {[%emt 0:03:23]} 18. f4 {[%emt 0:06:14]} f6 {[%emt 0:02:04]} 19. Nxd7 {[%emt 0:07:19]} Bxd7 {[%emt 0:02:51]} 20. f5 {[%emt 0:07:05]} Qc7 {[%emt 0:00:48]} 21. fxe6 {[%emt 0:04:33]} Bxe6 {[%emt 0:02:06] [#]} 22. d5 $1 {[%emt 0:00:49]} cxd5 {[%emt 0:01:06]} 23. Bxb6 {[%emt 0:00:09]} Qxb6 {[%emt 0:00:53]} 24. cxd5 {[%emt 0:00:32]} Bd7 {[%emt 0:04:39] [#]} 25. d6 $18 {[%emt 0:01:49] Pin} 1-0

[Event "Int SVK-ch Open 2020"]
[Site "Drienica"]
[Date "2020.08.15"]
[Round "7.10"]
[White "Buran, Jaroslav"]
[Black "Panko Eduard st."]
[Result "0-1"]
[WhiteElo "2098"]
[BlackElo "1958"]
[Annotator "ChessBase"]
[PlyCount "84"]
[EventDate "2020.08.07"]
[EventType "swiss"]
[EventCountry "SVK"]
[TimeControl "40/5400+30:1800+30"]

1. d4 {[%emt 0:00:00]} d6 {[%emt 0:00:47]} 2. c4 {[%emt 0:00:38]} e5 {[%emt 0:00:18]} 3. Nf3 {[%emt 0:00:24]} e4 {[%emt 0:00:41]} 4. Ng5 {[%emt 0:02:43]} f5 {[%emt 0:00:29]} 5. f3 {[%emt 0:01:11]} Be7 {[%emt 0:00:54]} 6. Nh3 {[%emt 0:01:09]} Nf6 {[%emt 0:01:12]} 7. Nc3 {[%emt 0:00:17]} c6 {[%emt 0:02:26]} 8. Bg5 {[%emt 0:04:14]} Nbd7 {[%emt 0:01:13]} 9. Qc2 {[%emt 0:03:10]} d5 {[%emt 0:00:59]} 10. Nf4 {[%emt 0:07:07]} Qa5 {[%emt 0:12:19]} 11. e3 {[%emt 0:04:18]} Nb6 {[%emt 0:11:56]} 12. c5 {[%emt 0:02:20]} Nbd7 {[%emt 0:00:35]} 13. a3 {[%emt 0:06:54]} Kf7 {[%emt 0:00:38]} 14. fxe4 {[%emt 0:01:47]} fxe4 {[%emt 0:02:35]} 15. Be2 {[%emt 0:03:16]} h6 {[%emt 0:01:10]} 16. Bxf6 {[%emt 0:01:44]} Nxf6 {[%emt 0:02:30]} 17. O-O {[%emt 0:00:09]} g6 {[%emt 0:01:04]} 18. Rf2 {[%emt 0:06:43]} Kg7 {[%emt 0:01:17]} 19. Raf1 {[%emt 0:00:46]} Rf8 {[%emt 0:00:49]} 20. b4 {[%emt 0:01:57]} Qc7 {[%emt 0:03:26]} 21. Qd1 {[%emt 0:01:26]} Bd7 {[%emt 0:03:03]} 22. b5 {[%emt 0:05:25]} Qc8 {[%emt 0:00:39]} 23. h3 {[%emt 0:02:05]} Nh7 {[%emt 0:03:06]} 24. Nxg6 {[%emt 0:03:36]} Rxf2 {[%emt 0:00:39]} 25. Rxf2 {[%emt 0:00:20]} Kxg6 {[%emt 0:16:49]} 26. Bh5+ {[%emt 0:00:31]} Kg7 {[%emt 0:15:37]} 27. Rf7+ {[%emt 0:00:09]} Kh8 {[%emt 0:00:11]} 28. Rxe7 {[%emt 0:00:22]} Qd8 {[%emt 0:01:09]} 29. Re5 {[%emt 0:03:42]} Qh4 {[%emt 0:02:07]} 30. Bg4 {[%emt 0:00:42]} Nf6 {[%emt 0:02:08]} 31. Bxd7 {[%emt 0:00:48]} Nxd7 {[%emt 0:00:12]} 32. Rh5 {[%emt 0:01:34]} Qg3 {[%emt 0:03:39]} 33. Rxh6+ {[%emt 0:02:18]} Kg7 {[%emt 0:00:07]} 34. Rd6 {[%emt 0:00:14]} Qxe3+ {[%emt 0:00:34]} 35. Kh1 {[%emt 0:00:29]} Nf6 {[%emt 0:00:08]} 36. bxc6 {[%emt 0:01:48]} bxc6 {[%emt 0:00:24]} 37. Ne2 {[%emt 0:04:14]} Ng4 {[%emt 0:02:19]} 38. Ng3 {[%emt 0:00:58]} Nf2+ {[%emt 0:00:11]} 39. Kh2 {[%emt 0:00:11]} Qxg3+ {[%emt 0:01:21]} 40. Kxg3 {[%emt 0:00:02]} Nxd1 {[%emt 0:00:09]} 41. Rxc6 {[%emt 0:30:30]} Re8 {[%emt 0:30:13]} 42. Rc7+ {[%emt 0:00:03]} Kg8 {[%emt 0:00:23]} 0-1

[Event "Int SVK-ch Open 2020"]
[Site "Drienica"]
[Date "2020.08.13"]
[Round "7.10"]
[White "Stanko, Ivan"]
[Black "Ivanecka, Natalia"]
[Result "0-1"]
[WhiteElo "1848"]
[BlackElo "1641"]
[Annotator "NA"]
[PlyCount "36"]
[EventDate "2020.08.07"]
[EventType "swiss"]
[EventCountry "SVK"]
[SourceTitle "playchess.com"]
[Source "ChessBase"]
[SourceQuality "1"]
[TimeControl "40/5400+30:1800+30"]

1. e4 {[%emt 0:00:00]} e5 {[%emt 0:12:26]} 2. Nf3 {[%emt 0:00:00]} Nc6 {[%emt 0:00:05]} 3. d4 {[%emt 0:00:04]} exd4 {[%emt 0:00:08]} 4. Nxd4 {[%emt 0:00:08]} Nf6 {[%emt 0:00:30]} 5. Nc3 {[%emt 0:00:33]} Bb4 {[%emt 0:01:39]} 6. Nxc6 {[%emt 0:00:59]} bxc6 {[%emt 0:00:13]} 7. Bd3 {[%emt 0:00:17]} O-O {[%emt 0:01:44]} 8. O-O {[%emt 0:00:32]} Re8 {[%emt 0:02:25]} 9. Qf3 {[%emt 0:01:43]} h6 {[%emt 0:06:13]} 10. h3 {[%emt 0:00:56]} d5 {[%emt 0:07:44]} 11. exd5 {[%emt 0:03:05]} cxd5 {[%emt 0:18:22]} 12. Na4 {[%emt 0:18:28]} Bb7 {[%emt 0:02:45]} 13. Qg3 {[%emt 0:00:57]} Bd6 {[%emt 0:01:01]} 14. Qf3 {[%emt 0:02:09]} Rb8 {[%emt 0:11:17]} 15. Bd2 {[%emt 0:09:58]} Ne4 {[%emt 0:04:22]} 16. Ba5 {[%emt 0:02:12]} Qg5 $19 {[%emt 0:00:28]} 17. Qg4 {[%emt 0:00:33]} Qe5 {[%emt 0:00:28]} 18. f4 Qd4+ 0-1

[Event "Int SVK-ch Open 2020"]
[Site "Drienica"]
[Date "2020.08.15"]
[Round "7.11"]
[White "Hudak, Vasil"]
[Black "Frink, Ferenc"]
[Result "0-1"]
[WhiteElo "1997"]
[BlackElo "2075"]
[Annotator "ChessBase"]
[PlyCount "104"]
[EventDate "2020.08.07"]
[EventType "swiss"]
[EventCountry "SVK"]
[TimeControl "40/5400+30:1800+30"]

1. e4 {[%emt 0:00:00]} Nc6 {[%emt 0:00:00]} 2. d4 {[%emt 0:00:09]} e5 {[%emt 0:00:00]} 3. d5 {[%emt 0:01:44]} Nce7 {[%emt 0:00:00]} 4. Nf3 {[%emt 0:04:14]} Ng6 {[%emt 0:00:05]} 5. Bd3 {[%emt 0:01:53]} Bc5 {[%emt 0:00:28]} 6. O-O {[%emt 0:02:48]} Nf6 {[%emt 0:00:20]} 7. Nbd2 {[%emt 0:02:01]} d6 {[%emt 0:00:19]} 8. c3 {[%emt 0:02:11]} O-O {[%emt 0:00:16]} 9. b4 {[%emt 0:00:30]} Bb6 {[%emt 0:00:30]} 10. Nc4 {[%emt 0:00:11]} h6 {[%emt 0:00:00]} 11. Re1 {[%emt 0:04:37]} Bg4 {[%emt 0:02:29]} 12. h3 {[%emt 0:00:43]} Bd7 {[%emt 0:00:14]} 13. a4 {[%emt 0:02:51]} a6 {[%emt 0:00:25]} 14. Nxb6 {[%emt 0:00:19]} cxb6 {[%emt 0:00:02]} 15. Be3 {[%emt 0:05:36]} Nh5 {[%emt 0:00:28]} 16. Kh2 {[%emt 0:02:10]} Nhf4 {[%emt 0:00:09]} 17. Bf1 {[%emt 0:00:11]} Rc8 {[%emt 0:02:54]} 18. Ra3 {[%emt 0:01:01]} b5 {[%emt 0:05:06]} 19. axb5 {[%emt 0:03:14]} Bxb5 {[%emt 0:00:33]} 20. Bxb5 {[%emt 0:00:44]} axb5 {[%emt 0:00:30]} 21. g3 {[%emt 0:00:30]} Nh5 {[%emt 0:08:04]} 22. Nd2 {[%emt 0:02:52]} Nf6 {[%emt 0:00:53]} 23. Qe2 {[%emt 0:00:35]} Qd7 {[%emt 0:00:36]} 24. c4 {[%emt 0:00:42]} bxc4 {[%emt 0:00:41]} 25. Nxc4 {[%emt 0:00:15]} Qb5 {[%emt 0:01:45]} 26. Nxd6 {[%emt 0:09:20]} Qxb4 {[%emt 0:00:08]} 27. Nxc8 {[%emt 0:00:11]} Qxa3 {[%emt 0:00:25]} 28. Qc2 {[%emt 0:00:55]} Nxe4 {[%emt 0:02:23]} 29. Bc1 {[%emt 0:01:07]} Qc5 {[%emt 0:00:11]} 30. Qxc5 {[%emt 0:09:38]} Nxc5 {[%emt 0:00:03]} 31. Nb6 {[%emt 0:00:51]} Nd3 {[%emt 0:00:13]} 32. Rf1 {[%emt 0:00:33]} Rd8 {[%emt 0:00:29]} 33. Ba3 {[%emt 0:00:29]} f5 {[%emt 0:00:26]} 34. f3 {[%emt 0:01:09]} e4 {[%emt 0:00:35]} 35. fxe4 {[%emt 0:00:46]} fxe4 {[%emt 0:00:02]} 36. Rd1 {[%emt 0:00:38]} Nge5 {[%emt 0:00:27]} 37. Be7 {[%emt 0:00:35]} Re8 {[%emt 0:01:01]} 38. d6 {[%emt 0:01:35]} Kf7 {[%emt 0:00:13]} 39. Nd5 {[%emt 0:00:48]} Rc8 {[%emt 0:03:58]} 40. g4 {[%emt 0:06:22]} Ke6 {[%emt 0:02:47]} 41. Nc7+ {[%emt 0:31:14]} Kd7 {[%emt 0:30:07]} 42. Rb1 {[%emt 0:00:15]} Kc6 {[%emt 0:02:25]} 43. Ne6 {[%emt 0:05:38]} g5 {[%emt 0:01:34]} 44. Nd4+ {[%emt 0:01:26]} Kd5 {[%emt 0:00:21]} 45. Nf5 {[%emt 0:05:24]} Ra8 {[%emt 0:05:42]} 46. Nxh6 {[%emt 0:01:39]} Ra2+ {[%emt 0:00:26]} 47. Kg3 {[%emt 0:00:09]} Nf4 {[%emt 0:00:44]} 48. Bxg5 {[%emt 0:01:03]} Ra3+ {[%emt 0:01:33]} 49. Kh2 {[%emt 0:04:38]} Rxh3+ {[%emt 0:08:32]} 50. Kg1 {[%emt 0:00:14]} Nf3+ {[%emt 0:01:18]} 51. Kf2 {[%emt 0:03:27]} Nxg5 {[%emt 0:08:39]} 52. d7 {[%emt 0:02:01]} e3+ {[%emt 0:00:28]} 0-1

[Event "Int SVK-ch Open 2020"]
[Site "Drienica"]
[Date "2020.08.13"]
[Round "7.11"]
[White "Furman, Maximilian Jan"]
[Black "Bujna, Martin"]
[Result "0-1"]
[WhiteElo "1598"]
[BlackElo "1841"]
[Annotator "NA"]
[PlyCount "68"]
[EventDate "2020.08.07"]
[EventType "swiss"]
[EventCountry "SVK"]
[SourceTitle "playchess.com"]
[Source "ChessBase"]
[SourceQuality "1"]
[TimeControl "40/5400+30:1800+30"]

1. e4 {[%emt 0:00:00]} e6 {[%emt 0:00:00]} 2. d4 {[%emt 0:00:00]} d5 {[%emt 0:00:06]} 3. exd5 {[%emt 0:00:00]} exd5 {[%emt 0:00:16]} 4. Nf3 {[%emt 0:00:01]} Nf6 {[%emt 0:00:35]} 5. Bd3 {[%emt 0:04:47]} Be7 {[%emt 0:00:52]} 6. h3 {[%emt 0:01:37]} Nc6 {[%emt 0:01:05] C01: French: Exchange Variation.} 7. c3 {[%emt 0:00:57]} O-O {[%emt 0:01:36]} 8. O-O {[%emt 0:00:42]} Ne4 {[%emt 0:03:09]} 9. Bf4 {[%emt 0:01:37]} Bd6 {[%emt 0:00:43]} 10. Bxd6 {[%emt 0:05:00]} Qxd6 {[%emt 0:00:12]} 11. Re1 {[%emt 0:01:07]} f5 {[%emt 0:02:33] [#]} 12. Ne5 $146 {[%emt 0:02:45]} ({Predecessor:} 12. Nbd2 Be6 13. a3 a6 14. Nb3 Bf7 15. Qc2 Bh5 16. Nfd2 Rae8 17. Be2 {½-½ (33) Cleuren,B (1671)-Dops,G (1523) Limburg 2007}) 12... Nxe5 {[%emt 0:05:06]} 13. dxe5 {[%emt 0:00:24]} Qb6 {[%emt 0:00:20]} 14. Bxe4 {[%emt 0:14:42]} dxe4 {[%emt 0:00:13]} 15. Qb3+ {[%emt 0:06:22]} Be6 {[%emt 0:00:21]} 16. Qxb6 {[%emt 0:01:59]} axb6 {[%emt 0:00:13]} 17. Na3 {[%emt 0:00:12]} Ra5 {[%emt 0:01:17]} 18. Red1 {[%emt 0:07:31]} Rxe5 {[%emt 0:01:55]} 19. Nc2 {[%emt 0:01:14]} Rd5 {[%emt 0:01:15]} 20. Rxd5 {[%emt 0:06:42]} Bxd5 {[%emt 0:00:11]} 21. b3 {[%emt 0:00:47]} Ra8 {[%emt 0:02:25]} 22. Rd1 {[%emt 0:04:25]} Be6 {[%emt 0:01:16]} 23. Nd4 {[%emt 0:01:22]} Rd8 {[%emt 0:00:27]} 24. Re1 {[%emt 0:02:42]} Kf7 {[%emt 0:04:33]} 25. f3 {[%emt 0:00:37]} c5 {[%emt 0:03:17]} 26. Nxe6 {[%emt 0:00:50]} Kxe6 {[%emt 0:00:08]} 27. fxe4 {[%emt 0:00:13]} f4 {[%emt 0:00:09]} 28. Re2 {[%emt 0:02:32]} Rd3 {[%emt 0:00:11]} 29. c4 {[%emt 0:00:59]} Ke5 {[%emt 0:00:42]} 30. Kf2 {[%emt 0:00:16]} (30. Kf1 {is a better defense.}) 30... h5 {[%emt 0:01:03]} (30... g5 $19 31. Ke1 Re3 32. Rxe3 fxe3) 31. Kf1 $2 {[%emt 0:06:04]} (31. h4 $17) 31... g5 $19 {[%emt 0:00:51]} 32. Kg1 {[%emt 0:07:26]} g4 {[%emt 0:00:28]} 33. hxg4 {[%emt 0:00:11]} hxg4 {[%emt 0:00:08]} 34. Kf2 {[%emt 0:00:04]} g3+ {[%emt 0:00:26]} 0-1

[Event "Int SVK-ch Open 2020"]
[Site "Drienica"]
[Date "2020.08.15"]
[Round "7.12"]
[White "Lehocz, Jozsef"]
[Black "Ihnat, Marek"]
[Result "1/2-1/2"]
[WhiteElo "1959"]
[BlackElo "2065"]
[Annotator "ChessBase"]
[PlyCount "149"]
[EventDate "2020.08.07"]
[EventType "swiss"]
[EventCountry "SVK"]
[TimeControl "40/5400+30:1800+30"]

1. e4 {[%emt 0:00:00]} c5 {[%emt 0:00:00]} 2. Nf3 {[%emt 0:00:00]} d6 {[%emt 0:00:00]} 3. Bb5+ {[%emt 0:00:30]} Bd7 {[%emt 0:00:00]} 4. Bxd7+ {[%emt 0:00:09]} Qxd7 {[%emt 0:00:03]} 5. d4 {[%emt 0:00:55]} cxd4 {[%emt 0:00:07]} 6. Nxd4 {[%emt 0:00:06]} Nf6 {[%emt 0:00:28]} 7. f3 {[%emt 0:02:27]} g6 {[%emt 0:02:05]} 8. c4 {[%emt 0:00:21]} Nc6 {[%emt 0:00:49]} 9. Be3 {[%emt 0:01:04]} Bg7 {[%emt 0:00:21]} 10. Nc3 {[%emt 0:00:58]} O-O {[%emt 0:00:20]} 11. Qd2 {[%emt 0:01:34]} Rac8 {[%emt 0:00:09]} 12. b3 {[%emt 0:00:22]} a6 {[%emt 0:00:57]} 13. Rd1 {[%emt 0:01:16]} Nxd4 {[%emt 0:00:51]} 14. Bxd4 {[%emt 0:00:52]} b5 {[%emt 0:00:06]} 15. cxb5 {[%emt 0:06:42]} axb5 {[%emt 0:00:09]} 16. O-O {[%emt 0:00:49]} b4 {[%emt 0:17:07]} 17. Na4 {[%emt 0:07:30]} Qb5 {[%emt 0:07:43]} 18. Nb6 {[%emt 0:09:44]} Rc6 {[%emt 0:02:45]} 19. Nc4 {[%emt 0:00:59]} Ra8 {[%emt 0:01:59]} 20. Qb2 {[%emt 0:09:49]} Rca6 {[%emt 0:02:49]} 21. Ra1 {[%emt 0:00:14]} Ne8 {[%emt 0:01:08]} 22. Bxg7 {[%emt 0:06:13]} Nxg7 {[%emt 0:00:07]} 23. Rfd1 {[%emt 0:00:38]} Qc5+ {[%emt 0:02:02]} 24. Kh1 {[%emt 0:00:01]} Ne6 {[%emt 0:02:12]} 25. Rd5 {[%emt 0:04:00]} Qa7 {[%emt 0:01:15]} 26. Rd2 {[%emt 0:02:44]} Nc7 {[%emt 0:05:19]} 27. Qc2 {[%emt 0:03:34]} Nb5 {[%emt 0:02:04]} 28. Qd3 {[%emt 0:00:25]} Qc5 {[%emt 0:02:28]} 29. h3 {[%emt 0:02:34]} Qg5 {[%emt 0:01:50]} 30. Ne3 {[%emt 0:19:29]} Qe5 {[%emt 0:05:10]} 31. Rf1 {[%emt 0:05:13]} Rxa2 {[%emt 0:01:08]} 32. Rxa2 {[%emt 0:01:55]} Rxa2 {[%emt 0:01:07]} 33. Nd5 {[%emt 0:00:20]} Qb2 {[%emt 0:12:30]} 34. Rg1 {[%emt 0:01:00]} Nd4 {[%emt 0:01:01]} 35. Nxb4 {[%emt 0:02:55]} Ra3 {[%emt 0:14:03]} 36. Rb1 {[%emt 0:00:58]} Qf2 {[%emt 0:06:33]} 37. Rf1 {[%emt 0:00:42]} Qe2 {[%emt 0:04:32]} 38. Qxe2 {[%emt 0:00:41]} Nxe2 {[%emt 0:00:03]} 39. Rf2 {[%emt 0:00:35]} Nd4 {[%emt 0:02:53]} 40. Nd5 {[%emt 0:02:21]} Kf8 {[%emt 0:01:40]} 41. b4 {[%emt 0:37:16]} Rb3 {[%emt 0:03:36]} 42. Rd2 {[%emt 0:00:00]} Nb5 {[%emt 0:07:13]} 43. Kh2 {[%emt 0:00:00]} h5 {[%emt 0:01:14]} 44. Rc2 {[%emt 0:00:00]} e6 {[%emt 0:01:02]} 45. Rc8+ {[%emt 0:00:00]} Kg7 {[%emt 0:00:03]} 46. Rb8 {[%emt 0:00:00]} exd5 {[%emt 0:05:01]} 47. Rxb5 {[%emt 0:00:00]} dxe4 {[%emt 0:00:37]} 48. fxe4 {[%emt 0:00:00]} Re3 {[%emt 0:00:29]} 49. Rd5 {[%emt 0:00:00]} Rxe4 {[%emt 0:00:05]} 50. b5 {[%emt 0:00:00]} Rb4 {[%emt 0:00:24]} 51. Rxd6 {[%emt 0:00:00]} Rxb5 {[%emt 0:00:02]} 52. h4 {[%emt 0:00:00]} Rf5 {[%emt 0:04:25]} 53. g3 {[%emt 0:00:00]} g5 {[%emt 0:03:16]} 54. Kh3 {[%emt 0:00:00]} g4+ {[%emt 0:02:31]} 55. Kg2 {[%emt 0:00:00]} Re5 {[%emt 0:01:20]} 56. Kf2 {[%emt 0:00:00]} Ra5 {[%emt 0:00:17]} 57. Rd2 {[%emt 0:00:00]} Ra3 {[%emt 0:02:16]} 58. Rb2 {[%emt 0:00:00]} Ra8 {[%emt 0:01:14]} 59. Rb3 {[%emt 0:00:00]} Kg6 {[%emt 0:01:02]} 60. Ke3 {[%emt 0:00:00]} Ra6 {[%emt 0:00:30]} 61. Rc3 {[%emt 0:00:00]} Rf6 {[%emt 0:00:19]} 62. Ke4 {[%emt 0:00:38]} Rf1 {[%emt 0:02:06]} 63. Ra3 {[%emt 0:00:34]} Re1+ {[%emt 0:02:52]} 64. Kf4 {[%emt 0:00:32]} Rf1+ {[%emt 0:00:35]} 65. Ke4 {[%emt 0:00:01]} f5+ {[%emt 0:00:26]} 66. Ke5 {[%emt 0:00:29]} Rf3 {[%emt 0:00:55]} 67. Ra6+ {[%emt 0:00:07]} Kf7 {[%emt 0:00:20]} 68. Ra7+ {[%emt 0:00:05]} Ke8 {[%emt 0:00:15]} 69. Ke6 {[%emt 0:07:27]} Kd8 {[%emt 0:00:12]} 70. Rd7+ {[%emt 0:00:36]} Kc8 {[%emt 0:01:12]} 71. Rh7 {[%emt 0:00:50]} f4 {[%emt 0:01:06]} 72. gxf4 {[%emt 0:00:03]} Rxf4 {[%emt 0:00:32]} 73. Rxh5 {[%emt 0:00:09]} g3 {[%emt 0:00:14]} 74. Rg5 {[%emt 0:00:03]} Rxh4 {[%emt 0:00:12]} 75. Rxg3 {[%emt 0:00:02]} 1/2-1/2

[Event "Int SVK-ch Open 2020"]
[Site "Drienica"]
[Date "2020.08.13"]
[Round "7.12"]
[White "Kapolkova, Greta"]
[Black "Sosovickova, Jana"]
[Result "0-1"]
[WhiteElo "1510"]
[BlackElo "1829"]
[Annotator "NA"]
[PlyCount "116"]
[EventDate "2020.08.07"]
[EventType "swiss"]
[EventCountry "SVK"]
[SourceTitle "playchess.com"]
[Source "ChessBase"]
[SourceQuality "1"]
[TimeControl "40/5400+30:1800+30"]

{[%evp 10,111,12,8,32767,32767,32767,10,32767,32767,32767,32767,32767,32767,-146,32767,32767,32767,-118,32767,32767,-181,-124,-370,-387,-406,-406,32767,32767,32767,32767,-280,32767,-263,-266,32767,-279,-268,-304,-406,-304,32767,-279,-285,-245,-261,0,-271,-268,-346,-316,-283,-315,-307,-259,-257,-257,32767,32767,32767,32767,-451,32767,32767,32767,32767,-329,32767,-499,32767,32767,32767,32767,-331,-443,32767,-459,-517,-550,-482,-608,-488,-761,-700,-1448,-1342,-1425,32767,-2386,-1355,-5806,-1648,-9698,-1887,-29963,-5173,-12831,-5106,32767,32767,-29981,-29979,-29982,-29985]} 1. e4 {[%emt 0:00:00]} e5 {[%emt 0:00:00]} 2. Nf3 {[%emt 0:00:00]} Nc6 {[%emt 0:00:02]} 3. Nc3 {[%emt 0:00:04]} Nf6 {[%emt 0:01:14]} 4. Bb5 {[%emt 0:00:38]} Bb4 {[%emt 0:00:58]} 5. O-O {[%emt 0:01:06]} O-O {[%emt 0:06:42]} 6. d3 {[%emt 0:02:25]} d6 {[%emt 0:05:09]} 7. Bg5 {[%emt 0:01:11] 7.Ne2 is more advanced technology.} Be6 {[%emt 0:02:11]} 8. a3 {[%emt 0:04:37] C49: Four Knights: 4 Bb5 Bb4.} (8. Nd5 $16 Bxd5 9. exd5) 8... Ba5 {[%emt 0:02:59]} 9. b4 {[%emt 0:02:28]} Bb6 {[%emt 0:01:23] [#]} 10. Re1 $146 {[%emt 0:00:56]} ({Predecessor:} 10. Bxc6 bxc6 11. d4 Ng4 12. Bxd8 Rfxd8 13. d5 Nxf2 14. Rxf2 Bxf2+ 15. Kxf2 Bg4 16. h3 {1-0 (24) Hess,M-Waldmann,S Germany 2006}) 10... Nd4 {[%emt 0:03:29]} 11. Rb1 {[%emt 0:09:32]} Bg4 {[%emt 0:11:29]} 12. Bc4 {[%emt 0:10:50]} Bxf3 {[%emt 0:08:12]} 13. gxf3 {[%emt 0:00:45]} Ne6 {[%emt 0:09:13]} 14. Be3 {[%emt 0:03:18]} Nh5 {[%emt 0:03:20]} 15. Ne2 {[%emt 0:03:39]} Qh4 {[%emt 0:09:08]} ({Don't do} 15... Bxe3 16. fxe3 Qg5+ {[%mdl 64] Double Attack} 17. Kf2 $15) 16. Bxe6 $4 {[%emt 0:06:14]} (16. Kh1 $17 {was worth a try.}) 16... fxe6 {[%emt 0:00:41]} 17. Ng3 {[%emt 0:00:17]} Nf4 {[%emt 0:05:01]} 18. Kh1 {[%emt 0:03:46]} Rf6 {[%emt 0:04:48]} 19. Rg1 {[%emt 0:04:04]} Rh6 {[%emt 0:06:03]} 20. Nf1 {[%emt 0:02:43]} Bxe3 {[%emt 0:05:33]} 21. fxe3 {[%emt 0:01:43]} Nh3 {[%emt 0:00:16]} 22. Qe2 {[%emt 0:05:25]} Nxg1 {[%emt 0:01:36]} ({But not} 22... Nf2+ 23. Kg2 $19) 23. Kxg1 {[%emt 0:00:15]} Rf8 {[%emt 0:00:57]} 24. Ng3 {[%emt 0:00:20]} Rhf6 {[%emt 0:03:47]} 25. Rf1 {[%emt 0:00:26]} Qg5 {[%emt 0:01:21]} 26. Kh1 {[%emt 0:01:45]} Rg6 {[%emt 0:01:55]} 27. Qf2 {[%emt 0:01:09]} Rgf6 $2 {[%emt 0:02:01]} ({Better is} 27... Qh6 $19 28. c4 Qh3) 28. Qe2 {[%emt 0:00:21]} h5 {[%emt 0:01:14]} 29. Rf2 {[%emt 0:01:35]} h4 {[%emt 0:00:14]} 30. Nf1 {[%emt 0:00:17]} Rg6 {[%emt 0:01:54]} 31. Rg2 {[%emt 0:00:16]} Qxg2+ {[%emt 0:01:01]} 32. Qxg2 {[%emt 0:00:13]} Rxg2 {[%emt 0:00:02]} 33. Kxg2 {[%emt 0:00:20]} a5 {[%emt 0:00:32]} 34. b5 {[%emt 0:00:40]} c6 {[%emt 0:00:39]} 35. bxc6 {[%emt 0:09:15]} bxc6 {[%emt 0:00:43]} 36. Nd2 {[%emt 0:00:30]} d5 {[%emt 0:00:50]} 37. Nb3 {[%emt 0:00:49]} Rb8 {[%emt 0:00:54]} 38. Nxa5 {[%emt 0:00:36]} Rb2 {[%emt 0:00:09]} 39. Kh3 {[%emt 0:00:43]} Rxc2 {[%emt 0:00:06]} 40. Kxh4 {[%emt 0:00:44]} Rxh2+ {[%emt 0:00:04]} 41. Kg3 {[%emt 0:30:35]} Rc2 {[%emt 0:31:11]} 42. exd5 {[%emt 0:01:11]} exd5 {[%emt 0:00:54]} 43. d4 {[%emt 0:00:18]} exd4 {[%emt 0:00:53]} 44. exd4 {[%emt 0:00:19]} Kf7 {[%emt 0:00:00]} 45. Kf4 {[%emt 0:00:00]} Kf6 {[%emt 0:00:00]} 46. a4 {[%emt 0:00:00]} c5 {[%emt 0:00:00]} 47. Nc6 {[%emt 0:00:00]} cxd4 {[%emt 0:00:00]} (47... g5+ $142 48. Ke3 cxd4+ 49. Nxd4 Rc3+ 50. Kd2 Ra3) 48. Nb4 {[%emt 0:00:00]} Rc5 {[%emt 0:00:00]} 49. Nd3 {[%emt 0:00:00]} Rc4 {[%emt 0:00:00]} 50. a5 {[%emt 0:00:00]} Ra4 {[%emt 0:00:00]} 51. a6 {[%emt 0:00:00]} Rxa6 {[%emt 0:00:00]} 52. Nb4 {[%emt 0:00:00]} Ra5 {[%emt 0:00:00]} (52... g5+ $142 53. Kg3 Ra4 54. Nd3 Ra3 55. Nb4 d3 56. Kf2 Ke5 57. Nc6+ Kf4 58. Nb4 d2 59. Ke2 Rxf3 60. Nxd5+ Ke4 61. Nb4 g4 62. Na6 {[#]} d1=Q+ $1 {[%mdl 576] Promotion} 63. Kxd1 g3 64. Kc2 g2 65. Nc5+ Kd5 66. Nb3 g1=Q 67. Nd2 Qc5+ 68. Kb1 Rf2 69. Kb2 Rxd2+ 70. Kb3 Qc4+ 71. Ka3 Ra2#) 53. Kg3 {[%emt 0:00:00]} Kf5 {[%emt 0:00:00]} 54. Kf2 {[%emt 0:00:00]} Rb5 {[%emt 0:00:00]} 55. Nd3 {[%emt 0:00:00]} Rb3 {[%emt 0:00:00]} 56. Ke2 {[%emt 0:00:00]} Rxd3 {[%emt 0:00:00]} 57. Kxd3 {[%emt 0:00:00]} Kf4 {[%emt 0:00:00]} 58. Kxd4 {[%emt 0:00:00]} Kxf3 {[%emt 0:00:00]} 0-1